书目信息 |
| 题名: |
弹词音乐初探
|
|
| 作者: | 连波 编著 | |
| 分册: | ||
| 出版信息: | 上海 上海文艺出版社 1979 |
|
| 页数: | 509页 | |
| 开本: | 19cm | |
| 丛书名: | ||
| 单 册: | ||
| 中图分类: | J826.1 | |
| 科图分类: | ||
| 主题词: | 弹词-说唱音乐--研究 , 说唱音乐-弹词--研究 | |
| 电子资源: | ||
| ISBN: | ||
| 000 | 00602nam0 2200229 45 | |
| 001 | 0179002299 | |
| 005 | 20060819175107.03 | |
| 010 | @dCNY1.55 | |
| 091 | @aCN@b8078.3122 | |
| 100 | @a19950724d1979 em y0chiy0121 ea | |
| 101 | 0 | @achi |
| 102 | @aCN@b310000 | |
| 105 | @ay z 000yy | |
| 200 | 10 | @a弹词音乐初探@Atan ci yin yue chu tan@f连波编著 |
| 210 | @a上海@c上海文艺出版社@d1979 | |
| 215 | @a509页@d19cm | |
| 606 | @a弹词-说唱音乐@x研究 | |
| 606 | @a说唱音乐-弹词@x研究 | |
| 690 | @aJ826.1@v3 | |
| 701 | 0 | @a连波@Alian bo@4编著 |
| 801 | 0 | @aCN@bTSSF@c20060819 |
| 905 | @a10447@dJ826.1@e60=2 | |
| 弹词音乐初探/连波编著.-上海:上海文艺出版社,1979 |
| 509页;19cm |
| ISBN :CNY1.55 |
| ● |
| 相关链接 |
|
|
|
|
正题名:弹词音乐初探
索取号:J826.1/60=2
 
预约/预借
| 序号 | 登录号 | 条形码 | 馆藏地/架位号 | 状态 | 备注 |
| 1 | 0443964 | 204439642 | 密集书库/ [索取号:J826.1/60=2] | 在馆 | |
| 2 | 0443965 | 204439651 | 密集书库/ [索取号:J826.1/60=2] | 在馆 | |
| 3 | 0467040 | 204670409 | 密集书库/ [索取号:J826.1/60=2] | 在馆 |